[Event "II HSL Istok 2015"]
[Site "Dalj, Vukovar, Zupanja, Oraho"]
[Date "2016.05.14"]
[Round "4.65"]
[White "Sucurovic, Jure"]
[Black "Kovacevic, Srecko"]
[Result "0-1"]
[WhiteElo "1985"]
[BlackElo "2079"]
[PlyCount "76"]
[EventDate "2016.04.16"]
[EventType "tourn"]
[EventRounds "11"]
[Source "Croatia"]
[SourceDate "2016.04.16"]

1. c4 f5 2. d4 Nf6 3. Nc3 e6 4. a3 b6 5. Nf3 Bb7 6. e3 Be7 7. Bd3 O-O 8. O-O
Ne4 9. Bxe4 fxe4 10. Nd2 d5 11. b4 Kh8 12. Bb2 Nd7 13. c5 bxc5 14. bxc5 Ba6 15.
Re1 Bh4 16. g3 Qf6 17. Ndxe4 dxe4 18. Qd2 Qg6 19. Ne2 Bg5 20. Nf4 Bxf4 21. exf4
Nf6 22. Qa5 Bd3 23. h3 Nd5 24. Kh2 Rf5 25. Bc1 a6 26. Rg1 Rb8 27. Ra2 Rff8 28.
Be3 Rb5 29. Qd2 Rfb8 30. g4 Bb1 31. Ra1 Rb2 32. Qc1 Bd3 33. Rg3 Rc2 34. Qg1
Rbb2 35. Kh1 Qf6 36. Rb1 Nc3 37. Rxb2 Rxb2 38. Kg2 Rb1 0-1

[Event "II HSL Istok 2015"]
[Site "Dalj, Vukovar, Zupanja, Oraho"]
[Date "2016.05.14"]
[Round "4.66"]
[White "Sesar, Ante"]
[Black "Faletar, Slavko"]
[Result "0-1"]
[WhiteElo "1678"]
[BlackElo "1850"]
[PlyCount "82"]
[EventDate "2016.04.16"]
[EventType "tourn"]
[EventRounds "11"]
[Source "Croatia"]
[SourceDate "2016.04.16"]

1. d4 Nf6 2. Nf3 d5 3. Nc3 Bf5 4. Bf4 a6 5. e3 e6 6. Be2 Bb4 7. O-O Nbd7 8. Nh4
Bg6 9. Nxg6 fxg6 10. Qd3 O-O 11. a3 Be7 12. h3 c5 13. b3 cxd4 14. exd4 Rc8 15.
Qe3 Qb6 16. Na4 Qc6 17. Rfc1 b5 18. Nb2 Ne4 19. Bd3 g5 20. Bg3 Ndf6 21. Nd1 g4
22. h4 Qd7 23. Be5 Bd6 24. Qf4 Be7 25. Qe3 Nd6 26. Qg5 Rf7 27. Bxf6 Bxf6 28.
Qxg4 Nf5 29. g3 Nxd4 30. Ne3 Nc6 31. h5 Ne5 32. Qe2 Nxd3 33. cxd3 Bxa1 34. Rxa1
Rcf8 35. Rf1 Qe7 36. Ng2 Rf3 37. g4 Qf7 38. b4 d4 39. Qe5 Rxf2 40. Rxf2 Qxf2+
41. Kh2 Re8 0-1

[Event "II HSL Istok 2015"]
[Site "Dalj, Vukovar, Zupanja, Oraho"]
[Date "2016.05.14"]
[Round "5.11"]
[White "Jukic, Branimir"]
[Black "Bosnjak, Petar"]
[Result "1/2-1/2"]
[WhiteElo "2375"]
[BlackElo "2310"]
[PlyCount "92"]
[EventDate "2016.04.16"]
[EventType "tourn"]
[EventRounds "11"]
[Source "Croatia"]
[SourceDate "2016.04.16"]

1. e4 d6 2. d4 Nf6 3. Nc3 e5 4. Nf3 Nbd7 5. Bc4 Be7 6. O-O O-O 7. h3 c6 8. a4
Nxe4 9. Nxe4 d5 10. Nxe5 Nxe5 11. dxe5 dxc4 12. Qe2 Be6 13. f4 f5 14. Rd1 Qc7
15. Nc3 Rfd8 16. Be3 b6 17. a5 Rxd1+ 18. Qxd1 bxa5 19. Na4 c5 20. Qf3 Rd8 21.
Qf2 Rc8 22. Bd2 Rb8 23. Qe1 Rb5 24. Bc3 h6 25. Rd1 Qc6 26. Bxa5 Qa6 27. Bd8
Qxa4 28. Bxe7 Qxc2 29. Rd8+ Kh7 30. Rd2 Qe4 31. Qg3 Rb3 32. Qf2 Rd3 33. Re2 Qd5
34. Bxc5 a5 35. Bd6 a4 36. Kh2 c3 37. bxc3 Rxc3 38. Qa7 Qd3 39. Qf2 Qd5 40. Rd2
Qc6 41. Bf8 Qe8 42. Bb4 Rb3 43. Rb2 Rd3 44. Rd2 Rb3 45. Rb2 Rd3 46. Rd2 Rb3
1/2-1/2

[Event "II HSL Istok 2015"]
[Site "Dalj, Vukovar, Zupanja, Oraho"]
[Date "2016.05.14"]
[Round "5.12"]
[White "Milurovic, Uros"]
[Black "Vitic, Ivan"]
[Result "0-1"]
[WhiteElo "2098"]
[BlackElo "2307"]
[PlyCount "100"]
[EventDate "2016.04.16"]
[EventType "tourn"]
[EventRounds "11"]
[Source "Croatia"]
[SourceDate "2016.04.16"]

1. Nf3 Nf6 2. d4 g6 3. Bg5 Bg7 4. Nbd2 d5 5. e3 O-O 6. b4 a5 7. a3 c6 8. c3 b6
9. Be2 Ba6 10. O-O Nbd7 11. Bxa6 Rxa6 12. Qe2 Qa8 13. b5 Ra7 14. c4 e6 15. Rac1
c5 16. Rc2 Ne4 17. Bf4 Nxd2 18. Qxd2 cxd4 19. exd4 dxc4 20. Rxc4 Qd5 21. Rfc1
Qxb5 22. h3 Qd5 23. Rc6 Nc5 24. dxc5 Qxc6 25. cxb6 Qxb6 26. Be3 Qa6 27. Bxa7
Qxa7 28. a4 Bf6 29. Qh6 Qe7 30. Rc4 Rd8 31. h4 e5 32. Qe3 Qe6 33. Re4 Rd5 34.
Kh2 Qd6 35. h5 Qc5 36. Qe2 Kg7 37. Rc4 Qd6 38. Re4 g5 39. g3 h6 40. Kg2 Kg8 41.
Qc2 Kg7 42. Rc4 Qe6 43. Qe4 Qd7 44. g4 Qd6 45. Rc3 Rc5 46. Re3 Qc7 47. Qf5 e4
48. Qxe4 Rc4 49. Qd3 Rxg4+ 50. Kf1 Rxa4 0-1

[Event "II HSL Istok 2015"]
[Site "Dalj, Vukovar, Zupanja, Oraho"]
[Date "2016.05.14"]
[Round "5.13"]
[White "Sasvari, Zelimir"]
[Black "Vlahov, Hrvoje"]
[Result "1/2-1/2"]
[WhiteElo "2184"]
[BlackElo "2157"]
[PlyCount "111"]
[EventDate "2016.04.16"]
[EventType "tourn"]
[EventRounds "11"]
[Source "Croatia"]
[SourceDate "2016.04.16"]

1. Nf3 Nf6 2. c4 e6 3. d4 Bb4+ 4. Nbd2 b6 5. a3 Bxd2+ 6. Bxd2 Ne4 7. Qc2 Bb7 8.
Rd1 Nxd2 9. Rxd2 O-O 10. e4 d6 11. Bd3 Nd7 12. O-O Qe7 13. b4 e5 14. d5 a5 15.
Qc3 Ra7 16. Ra1 Rfa8 17. Rdd1 Qf8 18. Qb2 axb4 19. axb4 Rxa1 20. Rxa1 Rxa1+ 21.
Qxa1 Qa8 22. Qxa8+ Bxa8 23. Kf1 Bb7 24. Ke2 Kf8 25. Kd2 Ke7 26. Ne1 g6 27. Nc2
h6 28. Ne3 Bc8 29. Be2 Nf6 30. f3 Nh5 31. g3 Bd7 32. Kc3 Ng7 33. Bd3 f5 34. Be2
Ne8 35. Bd3 Kf6 36. Ng2 Ng7 37. c5 bxc5 38. bxc5 g5 39. c6 Bc8 40. exf5 Nxf5
41. Bxf5 Bxf5 42. Ne3 h5 43. h4 Bc8 44. Kd2 Ba6 45. Ke1 Bd3 46. Kf2 Ba6 47. Kg1
Bd3 48. Kh2 Be2 49. Kg2 Bd3 50. Kh2 Be2 51. Kg2 Ba6 52. Kf2 Bd3 53. Ke1 Bb5 54.
Kd2 Ba6 55. Nd1 Kf5 56. Ne3+ 1/2-1/2

[Event "II HSL Istok 2015"]
[Site "Dalj, Vukovar, Zupanja, Oraho"]
[Date "2016.05.14"]
[Round "5.14"]
[White "Pavlovic, Zeljko"]
[Black "Susnjar, Miroslav"]
[Result "1-0"]
[WhiteElo "2031"]
[BlackElo "2179"]
[PlyCount "123"]
[EventDate "2016.04.16"]
[EventType "tourn"]
[EventRounds "11"]
[Source "Croatia"]
[SourceDate "2016.04.16"]

1. d4 Nf6 2. Nf3 c5 3. e3 g6 4. b3 Bg7 5. Bb2 O-O 6. Bd3 Nc6 7. a3 cxd4 8. exd4
d5 9. h3 Nd7 10. c4 dxc4 11. Bxc4 Nb6 12. O-O e6 13. Qd3 Nd5 14. Rd1 b6 15. Nc3
Nce7 16. Ne5 Bb7 17. Ne2 Nf5 18. Bxd5 Bxd5 19. Nf4 Ne7 20. Rac1 Bb7 21. Rc2 Nd5
22. Ne2 Rc8 23. Rxc8 Qxc8 24. Rc1 Qa8 25. Rc2 Nf6 26. f3 Rc8 27. Bc1 Nd5 28.
Rxc8+ Qxc8 29. Qc4 Ba6 30. Qxc8+ Bxc8 31. Kf2 Bf8 32. g3 Bd6 33. Bb2 Kf8 34. b4
f6 35. Nc4 Bc7 36. Nc3 Bb7 37. Nxd5 Bxd5 38. Ne3 Bb3 39. f4 Ke7 40. Ke2 h5 41.
h4 Kf7 42. Bc3 g5 43. Kf3 gxf4 44. gxf4 Ba4 45. Nf1 Bc6+ 46. Ke3 Kg6 47. Ng3
Bd8 48. Be1 Be7 49. Bf2 Bf8 50. Be1 Bh6 51. Bc3 Bd5 52. Bb2 a5 53. bxa5 bxa5
54. Bc3 a4 55. Bb2 Bf8 56. f5+ exf5 57. Ne2 f4+ 58. Nxf4+ Kf5 59. Nxd5 Kg4 60.
Nxf6+ Kxh4 61. Kf3 Be7 62. d5 1-0

[Event "II HSL Istok 2015"]
[Site "Dalj, Vukovar, Zupanja, Oraho"]
[Date "2016.05.14"]
[Round "5.16"]
[White "Kanjkovic, Marijan"]
[Black "Kovacevic, Srecko"]
[Result "0-1"]
[WhiteElo "1913"]
[BlackElo "2079"]
[PlyCount "64"]
[EventDate "2016.04.16"]
[EventType "tourn"]
[EventRounds "11"]
[Source "Croatia"]
[SourceDate "2016.04.16"]

1. d4 Nf6 2. Nc3 d5 3. Qd3 b6 4. Nf3 Ba6 5. Qf5 g6 6. Qe5 Nbd7 7. Qg3 Bg7 8.
Ng5 h6 9. Nh3 c5 10. e3 Bxf1 11. Rxf1 O-O 12. Nf4 e5 13. dxe5 Nxe5 14. Ne6 fxe6
15. Qxe5 Qe8 16. Qg3 d4 17. Nd1 Rd8 18. f3 Nd5 19. exd4 cxd4 20. Kf2 e5 21. Kg1
e4 22. fxe4 Rxf1+ 23. Kxf1 Qxe4 24. Qd3 Rf8+ 25. Nf2 Qh4 26. Qg3 Qe4 27. Qb3
Kh7 28. Qc4 b5 29. Qe2 Ne3+ 30. Ke1 Nxc2+ 31. Kd1 Qxe2+ 32. Kxe2 Nxa1 0-1

[Event "II HSL Istok 2015"]
[Site "Dalj, Vukovar, Zupanja, Oraho"]
[Date "2016.05.14"]
[Round "5.21"]
[White "Stipandic, Marko"]
[Black "Matovic, Mihajlo"]
[Result "0-1"]
[WhiteElo "2049"]
[BlackElo "2186"]
[PlyCount "112"]
[EventDate "2016.04.16"]
[EventType "tourn"]
[EventRounds "11"]
[Source "Croatia"]
[SourceDate "2016.04.16"]

1. d4 Nf6 2. Nf3 g6 3. c4 Bg7 4. g3 O-O 5. Bg2 d6 6. O-O Nbd7 7. Nc3 e5 8. dxe5
dxe5 9. h3 c6 10. Bg5 Qc7 11. Qc1 Re8 12. Rd1 Nf8 13. b3 Ne6 14. Be3 Nd7 15.
Ne4 Ndf8 16. Nd6 Re7 17. c5 f5 18. Qc4 Kh8 19. Rac1 Bf6 20. b4 Ng7 21. Nxc8
Rxc8 22. Rd6 Ne8 23. Rdd1 Ne6 24. Bd2 e4 25. Nh2 Rd8 26. Bc3 Red7 27. Bxf6+
Nxf6 28. Qc2 Nd4 29. Qb2 Nf3+ 30. exf3 Rxd1+ 31. Rxd1 Rxd1+ 32. Nf1 Qg7 33. Qe5
Rd8 34. Ne3 Nd5 35. Qe6 Nxe3 36. fxe3 exf3 37. Bxf3 h6 38. h4 Rf8 39. Kf2 Qb2+
40. Be2 Qf6 41. Qd7 Rf7 42. Qe8+ Rf8 43. Qd7 Qf7 44. Qd4+ Qg7 45. Qd6 g5 46.
hxg5 hxg5 47. Bc4 Qf6 48. Qd7 f4 49. gxf4 gxf4 50. Qh3+ Kg7 51. Qg4+ Qg6 52.
Qd7+ Kh8 53. exf4 Rxf4+ 54. Ke3 Qe4+ 55. Kd2 Rf2+ 56. Kd1 Qb1# 0-1

[Event "II HSL Istok 2015"]
[Site "Dalj, Vukovar, Zupanja, Oraho"]
[Date "2016.05.14"]
[Round "5.22"]
[White "Basic, Kresimir"]
[Black "Golubic, Miroslav"]
[Result "1/2-1/2"]
[WhiteElo "2082"]
[BlackElo "2027"]
[PlyCount "143"]
[EventDate "2016.04.16"]
[EventType "tourn"]
[EventRounds "11"]
[Source "Croatia"]
[SourceDate "2016.04.16"]

1. Nf3 Nf6 2. g3 d5 3. Bg2 e6 4. d3 Nbd7 5. Nbd2 Be7 6. O-O O-O 7. e4 dxe4 8.
dxe4 e5 9. Qe2 c6 10. Nc4 Qc7 11. Bg5 b5 12. Ne3 Nc5 13. Nf5 Re8 14. N3h4 Bf8
15. Bxf6 gxf6 16. Qh5 Be6 17. Nh6+ Kh8 18. b4 Nb7 19. c3 Nd6 20. f4 Bc4 21. Ng4
Bg7 22. fxe5 fxe5 23. Rf5 Nxf5 24. Nxf5 Re6 25. Nxg7 Kxg7 26. Ne3 Qb6 27. Re1
Rd8 28. Kh1 Qc7 29. Bh3 Rg6 30. Bf5 Bxa2 31. Bxg6 hxg6 32. Qg5 Rh8 33. Ng4 Qd6
34. Qxe5+ Qxe5 35. Nxe5 Rc8 36. Ra1 Bb3 37. Nd3 Bc2 38. Nc5 Rc7 39. Kg2 Re7 40.
Re1 f5 41. e5 Kf7 42. h4 Re8 43. Kf3 Rd8 44. Kf4 Bd1 45. Nd7 Bb3 46. Nc5 Bd5
47. Kg5 Rg8 48. Ra1 Ra8 49. Nd7 Ke6 50. Nb6 Rg8 51. Rxa7 Kxe5 52. Nd7+ Ke6 53.
Nc5+ Kd6 54. Kf4 Be6 55. Nd3 Bc4 56. Nc5 Be6 57. Rh7 Kd5 58. Kg5 Bc8 59. Rh6
Kc4 60. Rxg6 Re8 61. Rxc6 Kxc3 62. Na6+ Kd4 63. h5 Rg8+ 64. Rg6 Re8 65. Nc7 Re5
66. Kf6 f4 67. gxf4 Rxh5 68. Rg5 Rh6+ 69. Kg7 Rh4 70. Nxb5+ Kc4 71. Nd6+ Kxb4
72. f5 1/2-1/2

[Event "II HSL Istok 2015"]
[Site "Dalj, Vukovar, Zupanja, Oraho"]
[Date "2016.05.14"]
[Round "5.23"]
[White "Vidalina, Franja"]
[Black "Vecera, Stjepan"]
[Result "1/2-1/2"]
[WhiteElo "2059"]
[BlackElo "2082"]
[PlyCount "46"]
[EventDate "2016.04.16"]
[EventType "tourn"]
[EventRounds "11"]
[Source "Croatia"]
[SourceDate "2016.04.16"]

1. e4 c6 2. d4 d5 3. exd5 cxd5 4. c4 Nf6 5. Nf3 e6 6. Bd3 Be7 7. O-O O-O 8. Nc3
Nc6 9. a3 dxc4 10. Bxc4 Nd5 11. h3 b6 12. Nxd5 exd5 13. Bb5 Bb7 14. Bf4 a6 15.
Bd3 Bf6 16. Bf5 g6 17. Bc2 Re8 18. Qd2 Qd7 19. Rfe1 Rxe1+ 20. Rxe1 Re8 21.
Rxe8+ Qxe8 22. Bc7 Bd8 23. Bf4 Bf6 1/2-1/2

[Event "II HSL Istok 2015"]
[Site "Dalj, Vukovar, Zupanja, Oraho"]
[Date "2016.05.14"]
[Round "5.24"]
[White "Cabrajac, Zdravko"]
[Black "Vandjija, Zdenko"]
[Result "1-0"]
[WhiteElo "2032"]
[BlackElo "2109"]
[PlyCount "75"]
[EventDate "2016.04.16"]
[EventType "tourn"]
[EventRounds "11"]
[Source "Croatia"]
[SourceDate "2016.04.16"]

1. e4 c6 2. d4 d5 3. f3 dxe4 4. fxe4 e5 5. Nf3 exd4 6. Bc4 Be6 7. Bxe6 fxe6 8.
O-O Be7 9. Kh1 c5 10. Qe2 Nc6 11. Bf4 Nf6 12. Qc4 Qd7 13. Ng5 Nd8 14. Qd3 h6
15. e5 hxg5 16. Qg6+ Nf7 17. Bxg5 Qd5 18. exf6 Qxg5 19. Qxg5 Nxg5 20. fxe7 Kxe7
21. Nd2 Raf8 22. Rfe1 Rf2 23. Rad1 Nf7 24. Kg1 Rf5 25. Ne4 Ng5 26. Ng3 Rd5 27.
c4 Rd7 28. Re5 Nf7 29. Rxc5 b6 30. Rb5 Nd6 31. Rg5 Ne8 32. Re5 Rf8 33. Re4 d3
34. Re3 Rf4 35. b3 Rfd4 36. Nf5+ Kf6 37. Nxd4 Rxd4 38. Rdxd3 1-0

[Event "II HSL Istok 2015"]
[Site "Dalj, Vukovar, Zupanja, Oraho"]
[Date "2016.05.14"]
[Round "5.25"]
[White "Ivankovic, Marko"]
[Black "Sucurovic, Jure"]
[Result "1-0"]
[WhiteElo "1987"]
[BlackElo "1985"]
[PlyCount "59"]
[EventDate "2016.04.16"]
[EventType "tourn"]
[EventRounds "11"]
[Source "Croatia"]
[SourceDate "2016.04.16"]

1. d4 Nf6 2. Nf3 c5 3. e3 d6 4. Bd3 a6 5. c4 g6 6. O-O cxd4 7. exd4 Bg7 8. Re1
O-O 9. Nbd2 Qc7 10. b3 Re8 11. Bb2 Bd7 12. Qc2 Nc6 13. a3 Rab8 14. d5 Na7 15.
Ne4 b6 16. Nxf6+ exf6 17. h4 Qd8 18. h5 Rxe1+ 19. Rxe1 Qf8 20. Bd4 Nc8 21. Nh4
Ne7 22. Qc3 Rc8 23. Qb2 g5 24. Nf3 Re8 25. Bxf6 g4 26. Ng5 Bxf6 27. Bxh7+ Kg7
28. h6+ Kxh6 29. Qxf6+ Kh5 30. Nxf7 1-0

[Event "II HSL Istok 2015"]
[Site "Dalj, Vukovar, Zupanja, Oraho"]
[Date "2016.05.14"]
[Round "5.26"]
[White "Faletar, Slavko"]
[Black "Knezevic, Goran"]
[Result "1-0"]
[WhiteElo "1850"]
[BlackElo "1884"]
[PlyCount "97"]
[EventDate "2016.04.16"]
[EventType "tourn"]
[EventRounds "11"]
[Source "Croatia"]
[SourceDate "2016.04.16"]

1. e4 d5 2. exd5 Qxd5 3. d4 Nf6 4. c4 Qd8 5. Nf3 e6 6. Bd3 c5 7. Be3 Nbd7 8.
Nc3 Be7 9. O-O O-O 10. Rc1 cxd4 11. Nxd4 Ne5 12. Be2 Bd7 13. Bf4 Ng6 14. Bg3 a6
15. h4 Bc5 16. Bf3 Qc8 17. Nb3 Rd8 18. Qe2 Bf8 19. h5 Ne7 20. Bh4 Ne8 21. Ne4
Bc6 22. g4 Nd6 23. Nbd2 Nxe4 24. Nxe4 Rd4 25. Rfd1 Rxd1+ 26. Rxd1 Qc7 27. Bg3
Qa5 28. a3 Rd8 29. Nd6 Qb6 30. b4 Rd7 31. c5 Qd8 32. Bh4 Qc7 33. Bg3 Qd8 34. g5
Bxf3 35. Qxf3 Nf5 36. g6 hxg6 37. hxg6 Nxd6 38. cxd6 Qf6 39. gxf7+ Kxf7 40. Qe4
Qf5 41. Qc4 Qb5 42. Qb3 Qc6 43. Qd3 Qb5 44. Qd4 Qf5 45. Rc1 Kg8 46. Rc7 Rd8 47.
d7 a5 48. Bh4 axb4 49. Rc8 1-0

[Event "II HSL Istok 2015"]
[Site "Dalj, Vukovar, Zupanja, Oraho"]
[Date "2016.05.14"]
[Round "5.42"]
[White "Majeric, Zoran"]
[Black "Berke, Ana"]
[Result "1/2-1/2"]
[WhiteElo "2235"]
[BlackElo "2130"]
[PlyCount "110"]
[EventDate "2016.04.16"]
[EventType "tourn"]
[EventRounds "11"]
[Source "Croatia"]
[SourceDate "2016.04.16"]

1. e4 c5 2. Nf3 d6 3. Bb5+ Bd7 4. Bxd7+ Qxd7 5. O-O Nf6 6. Qe2 Nc6 7. Rd1 Rc8
8. d4 cxd4 9. Nxd4 g6 10. c4 Bg7 11. Nc3 Nxd4 12. Rxd4 Ng4 13. Rd1 Ne5 14. c5
Rxc5 15. Be3 Ra5 16. Rac1 O-O 17. b4 Ra6 18. Nd5 Ra3 19. Rc7 Qa4 20. Nxe7+ Kh8
21. Rxb7 Rxa2 22. Qf1 a6 23. Rc1 Ng4 24. Ba7 Qb3 25. Qd1 Qe6 26. f3 Nf6 27. Bd4
Re8 28. Bxf6 Qxf6 29. Nd5 Qb2 30. Qf1 f5 31. Re7 Rf8 32. Rd1 fxe4 33. Rxe4 h5
34. Rde1 Bd4+ 35. Kh1 Ra1 36. Rxa1 Qxa1 37. Qxa1 Bxa1 38. Re1 Be5 39. Rc1 Rb8
40. f4 Bb2 41. Rc6 Ba3 42. Rxd6 Bxb4 43. Nxb4 Rxb4 44. g3 Kg7 45. Rxa6 Rb2 46.
Kg1 Rc2 47. Re6 Ra2 48. h4 Rb2 49. Re5 Ra2 50. Rd5 Rb2 51. Rg5 Kh6 52. f5 gxf5
53. Rxf5 Ra2 54. Rf6+ Kg7 55. Rf2 Ra6 1/2-1/2

[Event "II HSL Istok 2015"]
[Site "Dalj, Vukovar, Zupanja, Oraho"]
[Date "2016.05.14"]
[Round "5.43"]
[White "Huis, Dinko"]
[Black "Radulovic, Bojan"]
[Result "1/2-1/2"]
[WhiteElo "2165"]
[BlackElo "2250"]
[PlyCount "106"]
[EventDate "2016.04.16"]
[EventType "tourn"]
[EventRounds "11"]
[Source "Croatia"]
[SourceDate "2016.04.16"]

1. d4 c5 2. d5 d6 3. c4 b5 4. cxb5 a6 5. bxa6 Bxa6 6. Nc3 Nf6 7. e4 Bxf1 8.
Kxf1 g6 9. g3 Bg7 10. Kg2 O-O 11. Nf3 Nbd7 12. a4 Qb8 13. h3 c4 14. Qe2 Rc8 15.
Rd1 Nc5 16. Nd4 Qb7 17. f3 Nfd7 18. Be3 Ne5 19. Qc2 Ned3 20. Ndb5 Nxa4 21. Rxa4
Rxa4 22. Rxd3 Rb4 23. Rd2 Rb8 24. Bd4 Bh6 25. f4 Rb3 26. Rf2 Qd7 27. Qe2 Rb4
28. Qf3 Bg7 29. Bxg7 Kxg7 30. f5 gxf5 31. Nd4 Rxb2 32. Nxf5+ Kh8 33. Rxb2 Rxb2+
34. Ne2 e5 35. Qe3 f6 36. Qh6 Qf7 37. Kf3 Rb3+ 38. Kf2 Rb6 39. g4 Ra6 40. h4
Rb6 41. g5 fxg5 42. hxg5 Kg8 43. Ke3 Rb3+ 44. Kd2 Rd3+ 45. Kc2 Rxd5 46. Ne7+
Qxe7 47. exd5 Qd7 48. Qf6 Qa4+ 49. Kd2 Qb4+ 50. Kd1 c3 51. Qd8+ Kg7 52. Qf6+
Kg8 53. Qd8+ Kg7 1/2-1/2

[Event "II HSL Istok 2015"]
[Site "Dalj, Vukovar, Zupanja, Oraho"]
[Date "2016.05.14"]
[Round "5.44"]
[White "Lukic, Milutin"]
[Black "Marjancevic, Slavko"]
[Result "1-0"]
[WhiteElo "1988"]
[BlackElo "2058"]
[PlyCount "31"]
[EventDate "2016.04.16"]
[EventType "tourn"]
[EventRounds "11"]
[Source "Croatia"]
[SourceDate "2016.04.16"]

1. d4 Nf6 2. c3 d5 3. Bf4 e6 4. e3 Bd6 5. Bg5 h6 6. Bh4 O-O 7. Bd3 Be7 8. Nd2
b6 9. Ngf3 Bb7 10. Ne5 Nbd7 11. f4 Ne4 12. Bxe7 Qxe7 13. Nxd7 Qxd7 14. Nf3 c5
15. dxc5 Nxc5 16. O-O 1-0

[Event "II HSL Istok 2015"]
[Site "Dalj, Vukovar, Zupanja, Oraho"]
[Date "2016.05.14"]
[Round "5.45"]
[White "Buric, Danijel"]
[Black "Kitarovic, Mihajlo"]
[Result "1-0"]
[WhiteElo "2150"]
[BlackElo "2017"]
[PlyCount "69"]
[EventDate "2016.04.16"]
[EventType "tourn"]
[EventRounds "11"]
[Source "Croatia"]
[SourceDate "2016.04.16"]

1. d4 Nf6 2. c4 d5 3. cxd5 Qxd5 4. Nc3 Qa5 5. f3 e6 6. e4 Bb4 7. Bd2 O-O 8. a3
Bxc3 9. bxc3 c6 10. e5 Ne8 11. Bd3 Qd8 12. f4 c5 13. Nf3 Nc6 14. Bxh7+ Kh8 15.
Be4 g6 16. Bxc6 bxc6 17. h4 Kg7 18. h5 Rh8 19. h6+ Kf8 20. Qe2 a5 21. Qc4 Qd5
22. Qxc5+ Qxc5 23. dxc5 Ke7 24. Rb1 Ra7 25. Rb6 Kd7 26. Ng5 f6 27. exf6 Nxf6
28. Nf7 Rh7 29. Ne5+ Ke8 30. Rb8 Rac7 31. c4 Nd7 32. Ra8 Nxe5 33. fxe5 Ke7 34.
Bxa5 Rb7 35. Bb6 1-0

[Event "II HSL Istok 2015"]
[Site "Dalj, Vukovar, Zupanja, Oraho"]
[Date "2016.05.14"]
[Round "5.46"]
[White "Nikolic, Milenko"]
[Black "Bojanic, Borislav"]
[Result "1-0"]
[WhiteElo "2016"]
[BlackElo "1921"]
[PlyCount "39"]
[EventDate "2016.04.16"]
[EventType "tourn"]
[EventRounds "11"]
[Source "Croatia"]
[SourceDate "2016.04.16"]

1. c4 e5 2. Nc3 Nf6 3. g3 d5 4. cxd5 Nxd5 5. Bg2 c6 6. Nf3 Bd6 7. O-O O-O 8. a3
Nxc3 9. bxc3 a6 10. d3 Nd7 11. Qb3 Kh8 12. Ng5 Nc5 13. Nxf7+ Rxf7 14. Qxf7 Be6
15. Qh5 Qd7 16. c4 Bg4 17. Qg5 h6 18. Qg6 Bxe2 19. d4 Bd3 20. Qh5 1-0

[Event "II HSL Istok 2015"]
[Site "Dalj, Vukovar, Zupanja, Oraho"]
[Date "2016.05.14"]
[Round "5.51"]
[White "Miranovic, Rajko"]
[Black "Saric, Sinisa"]
[Result "1/2-1/2"]
[WhiteElo "2401"]
[BlackElo "2437"]
[PlyCount "110"]
[EventDate "2016.04.16"]
[EventType "tourn"]
[EventRounds "11"]
[Source "Croatia"]
[SourceDate "2016.04.16"]

1. e4 d5 2. exd5 Qxd5 3. Nc3 Qd6 4. d4 Nf6 5. Nf3 Bg4 6. h3 Bh5 7. g4 Bg6 8.
Ne5 Nbd7 9. Nxg6 hxg6 10. Qf3 c6 11. g5 Nd5 12. Bg2 Nb4 13. Qe2 e6 14. a3 Nd5
15. Ne4 Qc7 16. Qf3 e5 17. c4 Ne7 18. Ng3 exd4 19. O-O Ne5 20. Qe4 O-O-O 21.
Rd1 Nxc4 22. Rxd4 Nd6 23. Qf3 Nef5 24. Ra4 Nxg3 25. fxg3 Nf5 26. Bf4 Bd6 27.
Rc1 Bxf4 28. Rxf4 Rhe8 29. Qf2 Qb6 30. Kh2 Qxf2 31. Rxf2 Rd3 32. b4 Kb8 33. a4
Re5 34. b5 c5 35. a5 Kc7 36. b6+ axb6 37. axb6+ Kc8 38. Rfc2 Rb3 39. Rxc5+ Rxc5
40. Rxc5+ Kb8 41. Rc7 Nd6 42. Re7 Rxb6 43. Bd5 Kc8 44. Re2 Rb5 45. Rd2 Rc5 46.
h4 Kc7 47. g4 f5 48. gxf6 gxf6 49. Kg3 Rc3+ 50. Kg2 f5 51. h5 fxg4 52. hxg6 Nf5
53. Be4 Nh4+ 54. Kf1 Rc5 55. Rc2 Rxc2 1/2-1/2

[Event "II HSL Istok 2015"]
[Site "Dalj, Vukovar, Zupanja, Oraho"]
[Date "2016.05.14"]
[Round "5.52"]
[White "Licina, Zoran"]
[Black "Pavlovic, Dragan"]
[Result "0-1"]
[WhiteElo "2204"]
[BlackElo "2253"]
[PlyCount "56"]
[EventDate "2016.04.16"]
[EventType "tourn"]
[EventRounds "11"]
[Source "Croatia"]
[SourceDate "2016.04.16"]

1. e4 g6 2. d4 Bg7 3. Nc3 d6 4. Be3 Nf6 5. Qd2 c6 6. f3 b5 7. h4 Nbd7 8. g4 Nb6
9. h5 Nc4 10. Bxc4 bxc4 11. Nge2 Rb8 12. b3 Ba6 13. Kf2 Qc7 14. Ng3 Rg8 15.
Rad1 Nd7 16. hxg6 hxg6 17. Nge2 Qa5 18. Na4 Qb5 19. Nac3 Qb7 20. Bh6 Bh8 21.
Bf4 c5 22. dxc5 Nxc5 23. Nd5 Rc8 24. Bg5 f6 25. Be3 Bg7 26. b4 Nd7 27. c3 Ne5
28. Nd4 Nd3+ 0-1

[Event "II HSL Istok 2015"]
[Site "Dalj, Vukovar, Zupanja, Oraho"]
[Date "2016.05.14"]
[Round "5.53"]
[White "Mladenovic, Velisa"]
[Black "Tomerlin, Sinisa"]
[Result "1-0"]
[WhiteElo "2099"]
[BlackElo "2255"]
[PlyCount "85"]
[EventDate "2016.04.16"]
[EventType "tourn"]
[EventRounds "11"]
[Source "Croatia"]
[SourceDate "2016.04.16"]

1. d4 d6 2. Nf3 g6 3. c4 Bg7 4. Nc3 Nf6 5. Bg5 Nbd7 6. Qd2 h6 7. Bxf6 Nxf6 8.
e4 Nd7 9. Be2 O-O 10. O-O e5 11. dxe5 dxe5 12. Rad1 c6 13. b4 Re8 14. c5 Qe7
15. Qb2 Nf8 16. Rd6 Be6 17. Rfd1 Qc7 18. Nd2 Bf6 19. Nc4 b6 20. R6d2 bxc5 21.
bxc5 Nd7 22. Nd6 Reb8 23. Qa3 a5 24. Bc4 Nf8 25. Na4 Bg5 26. Rd3 Rb4 27. Nb6
Ra7 28. Qc3 Bxc4 29. Ndxc4 Bf6 30. a3 Rb5 31. Nd6 Ne6 32. Nxb5 cxb5 33. Rd7 Qb8
34. Rxa7 Qxa7 35. Rd7 Qb8 36. Nd5 Bg5 37. c6 b4 38. axb4 axb4 39. Qf3 Nf4 40.
Nxf4 exf4 41. Qb3 Qe8 42. Qxb4 Qe5 43. Rb7 1-0

[Event "II HSL Istok 2015"]
[Site "Dalj, Vukovar, Zupanja, Oraho"]
[Date "2016.05.14"]
[Round "5.54"]
[White "Grguric, Zeljko"]
[Black "Milosevic, Milutin"]
[Result "1/2-1/2"]
[WhiteElo "2095"]
[BlackElo "2055"]
[PlyCount "20"]
[EventDate "2016.04.16"]
[EventType "tourn"]
[EventRounds "11"]
[Source "Croatia"]
[SourceDate "2016.04.16"]

1. e4 e5 2. Nc3 Bc5 3. Nf3 d6 4. Na4 Bb6 5. Nxb6 axb6 6. a3 Nc6 7. Bb5 Bd7 8.
Bxc6 Bxc6 9. d3 h6 10. O-O Nf6 1/2-1/2

[Event "II HSL Istok 2015"]
[Site "Dalj, Vukovar, Zupanja, Oraho"]
[Date "2016.05.14"]
[Round "5.55"]
[White "Masirevic, Miroljub"]
[Black "Jozic, Zoran"]
[Result "1-0"]
[WhiteElo "1894"]
[BlackElo "1951"]
[PlyCount "96"]
[EventDate "2016.04.16"]
[EventType "tourn"]
[EventRounds "11"]
[Source "Croatia"]
[SourceDate "2016.04.16"]

1. e4 c5 2. Nf3 d6 3. d4 cxd4 4. Nxd4 Nf6 5. Nc3 a6 6. Bd3 Nc6 7. Be3 e6 8. f3
Be7 9. Qe2 Qc7 10. O-O-O Bd7 11. g4 Ne5 12. g5 Nxd3+ 13. Qxd3 Nh5 14. Kb1 b5
15. Nce2 Rc8 16. Ng3 Nxg3 17. hxg3 g6 18. Rh2 e5 19. Nb3 Qd8 20. Qd2 Be6 21.
Rdh1 d5 22. Rxh7 Rxh7 23. Rxh7 d4 24. Rh8+ Bf8 25. Bf2 Bc4 26. Nc1 Ke7 27. f4
Ke6 28. fxe5 Kxe5 29. Qf4+ Ke6 30. Rh7 Rc7 31. Bxd4 Bd6 32. e5 Bf8 33. Bb6 Qe7
34. Bxc7 Qxc7 35. Qf6+ Kd7 36. Rxf7+ Bxf7 37. Qxf7+ Be7 38. e6+ Kc6 39. Qf3+
Kb6 40. Qe3+ Kb7 41. Nd3 Qd8 42. Qe4+ Kb6 43. Qxg6 Ka5 44. Qe4 Qf8 45. a3 Qb8
46. g6 Qxg3 47. Qe1+ Qxe1+ 48. Nxe1 Bf6 1-0